000 01345cam a22002894a 4500
999 _c413
_d413
001 14915800
003 ALUPE UNIVERSITY
005 20210614073349.0
008 070703s2008 nyu b 001 0 eng
010 _a 2007027192
020 _a9780393925739 (pbk.)
040 _aDLC
_cDLC
_dDLC
050 0 0 _aGN502
_b.H45 2008
082 0 0 _a155.8/2
_222
100 1 _aHeine, Steven J.
245 1 0 _aCultural psychology /
_cSteven J. Heine.
250 _a1st ed.
260 _aNew York :
_bW.W. Norton,
_cc2008.
300 _axviii, 545 [80] p. :
_bill. ;
_c24 cm.
504 _aIncludes bibliographical references and index.
505 0 _aCulture and human nature -- Cultural evolution -- Methods for studying culture and psychology -- Development and socialization: how do we come to learn a culture -- Self and personality: how does culture affect how we understand ourselves? -- Motivation -- Morality -- Emotions -- Cognition and perception -- Mental and physical health -- Interpersonal attraction, close relationships, and groups -- Living in multicultural worlds.
650 0 _aEthnopsychology.
856 4 1 _3Table of contents only
_uhttp://www.loc.gov/catdir/toc/ecip0722/2007027192.html
906 _a7
_bcbc
_corignew
_d1
_eecip
_f20
_gy-gencatlg
942 _2lcc
_cBK
_nDO